| 000 | 01387cam a22003855a 4500 | ||
|---|---|---|---|
| 003 | EG-ScBUE | ||
| 005 | 20220519100054.0 | ||
| 008 | 090709r20071984enka f 000 0 eng d | ||
| 020 | _a9780521346719 (مج. 1) | ||
| 020 | _a9780521346757 (مج. 2) | ||
| 020 | _a0521346754 (مج. 2) | ||
| 020 | _a0521346738 (مج. 3) | ||
| 020 | _a9780521346733 (مج. 3) | ||
| 020 | _a0521438691 (مج. 4) | ||
| 020 | _a9780521438698 (مج. 4) | ||
| 040 |
_aEG-ScBUE _beng _erda _cEG-ScBUE _dEG-ScBUE |
||
| 082 | 0 | 4 |
_a428.24 _bGRE _222 |
| 100 | 1 |
_aGreenall, Simon, _eauthor. _97809 |
|
| 245 | 1 | 0 |
_aReading / _cSimon Greenall, Diana Pye. |
| 250 | _aTwelfth printing. | ||
| 264 | 1 |
_aCambridge : _bCambridge University Press, _c2007. |
|
| 300 |
_a4 volumes : _billustrations ; _c25 cm. |
||
| 336 |
_2rdacontent _atext _btxt |
||
| 337 |
_2rdamedia _aunmediated _bn |
||
| 338 |
_2rdacarrier _avolume _bnc |
||
| 490 | 0 | _aCambridge skills for fluency | |
| 520 | _aThis title develops reading skills by introducing learners to a wide variety of authentic texts, including articles, poems and literary passages. | ||
| 650 | 7 |
_aEnglish language _xSpoken English. _2BUEsh _936034 |
|
| 650 | 7 |
_aEnglish language _vTextbooks for foreign speakers. _2BUEsh |
|
| 651 | _2BUEsh | ||
| 653 |
_bHHUUEENN _cJuly2019 |
||
| 655 |
_vReading book _934232 |
||
| 700 | 1 |
_aPye, Diana, _eauthor. |
|
| 942 |
_2ddc _cBB |
||
| 999 |
_c12273 _d12273 |
||